000
00242nam a2200097Ia 4500
001
719730
005
20250826163048.0
008
250824s9999 xx 000 0 und d
245
0
_a
UNUTULMUŞ DÜŞLER
_c
STEFAN ZWEIG
260
_b
EVEREST YAYINLARI
999
_c
719730
_d
719730